000 00374nam a2200169Ia 4500
008 170705s9999 xx 000 0 und d
020 _a9780590430494
245 _aSwimmy /
245 _cLeo Lionni.
260 _aNew York :
260 _bScholastic,
260 _c1963
300 _aunpaged :
300 _bcolor illustration ;
300 _c23cm.
500 _a640
999 _c336090
_d336090